书目信息 |
| 题名: |
美学原理
|
|
| 作者: | 顾永芝 著 | |
| 分册: | ||
| 出版信息: | 南京 东南大学出版社 2008.03 |
|
| 页数: | 391页, [44] 页图版 | |
| 开本: | 21cm | |
| 丛书名: | ||
| 单 册: | ||
| 中图分类: | B83 | |
| 科图分类: | ||
| 主题词: | 美学--mei xue | |
| 电子资源: | ||
| ISBN: | 978-7-5641-1113-7 | |
| 000 | 00779nam0 2200241 450 | |
| 001 | 012009474812 | |
| 005 | 20090917113337.96 | |
| 010 | @a978-7-5641-1113-7@dCNY62.00 | |
| 100 | @a20090917d2008 em y0chiy0120 ea | |
| 101 | 0 | @achi |
| 102 | @aCN@b320000 | |
| 105 | @aaf a 000yy | |
| 106 | @ar | |
| 200 | 1 | @a美学原理@Amei xue yuan li@f顾永芝著@Fgu yong zhi zhu |
| 210 | @a南京@c东南大学出版社@d2008.03 | |
| 215 | @a391页, [44] 页图版@c图@d21cm | |
| 320 | @a有书目 (第386-391页) | |
| 330 | @a本书主要内容包括:美学概述、审美活动、美和丑、现实美、艺术美、审美形态、审美主体、审美心理、审美环境、审美环节、审美教育等。 | |
| 606 | 0 | @a美学@Amei xue |
| 690 | @aB83@v4 | |
| 701 | 0 | @a顾永芝@Agu yong zhi@4著 |
| 801 | 0 | @aCN@bQSSK@c20090917 |
| 905 | @b753565-69@dB83@eG529@f5 | |
| 美学原理/顾永芝著.-南京:东南大学出版社,2008.03 |
| 391页, [44] 页图版:图;21cm |
| ISBN 978-7-5641-1113-7:CNY62.00 |
| 本书主要内容包括:美学概述、审美活动、美和丑、现实美、艺术美、审美形态、审美主体、审美心理、审美环境、审美环节、审美教育等。 |
| ● |
| 相关链接 |
|
|
|
正题名:美学原理
索取号:B83/G529
 
预约/预借
| 序号 | 登录号 | 条形码 | 馆藏地/架位号 | 状态 | 备注 |
| 1 | 753565 | 207535657 | 社科库509/509社科库 32排3列4层/ [索取号:B83/G529] | 在馆 | |
| 2 | 753566 | 207535666 | 社科库509/509社科库 32排3列4层/ [索取号:B83/G529] | 在馆 | |
| 3 | 753567 | 207535675 | 社科库509/509社科库 32排3列4层/ [索取号:B83/G529] | 在馆 | |
| 4 | 753568 | 207535684 | 社科库509/422社科库 31排2列2层/ [索取号:B83/G529] | 在馆 | |
| 5 | 753569 | 207535693 | 社科库509/509社科库 32排3列4层/ [索取号:B83/G529] | 在馆 |